Rebel Yell - Billy Idol - Lyrics - Statistics

General Stats
  • This quiz has been taken 77 times
  • The average score is 216 of 307
Answer Stats
Lyrics % Correct
She
100%
she
100%
a
98%
A
98%
I
98%
More
95%
more
95%
rebel
95%
yell
95%
In
93%
in
93%
the
93%
cried
91%
midnight
91%
to
89%
hour
88%
night
88%
With
88%
with
88%
my
84%
on
84%
He
82%
little
82%
Last
79%
angel
74%
dancin'
74%
love
74%
and
72%
came
72%
door
72%
for
72%
For
72%
from
72%
said
70%
you
70%
floor
65%
when
65%
baby
63%
because
63%
dancer
63%
above"
61%
it
58%
yeah
56%
babe
54%
got
54%
"Come
53%
if
53%
me
53%
by
51%
What
49%
need
46%
pumpin'
46%
have
44%
help
44%
here
44%
so
42%
all
40%
don't
40%
expires
40%
free
40%
like
40%
set
40%
want
40%
Just
39%
just
39%
give
37%
i'm
37%
pray
37%
miles
35%
of
35%
thousand
35%
But
33%
sit
33%
up
33%
I'd
32%
slavery
32%
won't
32%
bed
30%
your
30%
burn
28%
million
28%
money
28%
soul
28%
Whoa
28%
beg
26%
none
26%
pain
26%
brought
25%
his
25%
sell
25%
tears
25%
times
25%
lonely
23%
tired
23%
walked
23%
world
23%
Wow
23%
heaven
21%
he's
21%
out
21%
sees
21%
well
21%
7-Eleven
19%
long
19%
Ooh
19%
ah
18%
collect
18%
dried
18%
lives
18%
own
18%
fare
14%
hair
14%
mess
14%
Collects
12%
liscence
7%
No matching quizzes found
Score Distribution
Percent of People with Each Score
Percentile by Number Answered
Your Score History
You have not taken this quiz